[Event "NOR-chB"]
[Site "Oslo"]
[Date "2023.07.05"]
[Round "6"]
[White "Kizatbay, Abyl"]
[Black "Nordquelle, Daniel"]
[Result "1-0"]
[WhiteElo "2154"]
[BlackElo "2137"]
[PlyCount "91"]
[EventDate "2023.06.30"]
[EventType "swiss"]
[EventRounds "9"]
[EventCountry "NOR"]
[SourceTitle "EXT 2024"]
[Source "ChessBase"]
[SourceDate "2023.10.10"]
[SourceVersion "1"]
[SourceVersionDate "2023.10.10"]
[SourceQuality "1"]

1. e4 c5 2. Nf3 d6 3. Bb5+ Nd7 4. d4 cxd4 5. Qxd4 a6 6. Be2 e5 7. Qe3 Ngf6 8. c4 d5 9. exd5 Bc5 10. Qb3 b5 11. cxb5 e4 12. Nh4 0-0 13. 0-0 Nb6 14. Be3 Bxe3 15. fxe3 Nfxd5 16. Nf5 Be6 17. Nd4 Nf4 18. Qc2 Nxe2+ 19. Nxe2 Bc4 20. Nbc3 Bd3 21. Qc1 axb5 22. Rd1 Rc8 23. a3 Qg5 24. Nf4 Rfd8 25. Qd2 Nc4 26. Qf2 Qc5 27. Re1 Nxb2 28. Rac1 Qxa3 29. Ncd5 Bc4 30. Ra1 Qd6 31. Qxb2 Bxd5 32. Qxb5 Bc4 33. Qf5 Bd3 34. Ra7 Rc7 35. Ra5 Qb4 36. Rea1 Qd2 37. Nd5 Rc2 38. Qg5 Qf2+ 39. Kh1 f6 40. Qg4 Bf1 41. Nf4 f5 42. Qg5 Rdc8 43. Ra8 Bd3 44. Qxf5 Ba6 45. Qe6+ Kf8 46. Qxa6 1-0

[Event "NOR-chT Elite 2223"]
[Site "Norway"]
[Date "2023.03.05"]
[Round "9.16"]
[White "Kizatbay, Abyl"]
[Black "Al Tarbosh, Ward"]
[Result "0-1"]
[WhiteElo "2148"]
[BlackElo "2238"]
[PlyCount "82"]
[EventDate "2022.11.11"]
[EventType "team-tourn"]
[EventRounds "9"]
[EventCountry "NOR"]
[SourceTitle "CBM 213 Extra"]
[Source "ChessBase"]
[SourceDate "2023.05.31"]
[SourceVersion "1"]
[SourceVersionDate "2023.05.31"]
[SourceQuality "1"]
[WhiteTeam "Stavanger"]
[BlackTeam "OSS"]
[WhiteTeamCountry "NOR"]
[BlackTeamCountry "NOR"]

1. e4 b6 2. d4 Bb7 3. Bd3 e6 4. Nf3 c5 5. c3 Nf6 6. Qe2 Be7 7. 0-0 Nc6 8. a3 Na5 9. Nbd2 c4 10. Bc2 Qc7 11. Ne5 0-0 12. f4 d5 13. f5 Nb3 14. Nxb3 cxb3 15. Bxb3 Nxe4 16. Bf4 Qc8 17. fxe6 Qxe6 18. Rae1 Rae8 19. Qh5 g6 20. Qh6 g5 21. Qh5 f5 22. Bc1 Bf6 23. g4 Bxe5 24. gxf5 Bxh2+ 25. Qxh2 Rxf5 26. Qg2 Rxf1+ 27. Rxf1 h6 28. Qf3 Ba6 29. Re1 Bc4 30. Bc2 Rf8 31. Qg2 Qd6 32. b3 Rf2 33. Bxe4 Rxg2+ 34. Bxg2 Bxb3 35. Re8+ Kf7 36. Re5 Bc4 37. Bf3 Qg6 38. Be3 g4 39. Bg2 g3 40. Bf3 Qc2 41. Rh5 Qd3 0-1

[Event "NOR-chT Elite 2223"]
[Site "Norway"]
[Date "2023.03.04"]
[Round "8.16"]
[White "Mansoor, Afras"]
[Black "Kizatbay, Abyl"]
[Result "1-0"]
[WhiteElo "2118"]
[BlackElo "2148"]
[PlyCount "85"]
[EventDate "2022.11.11"]
[EventType "team-tourn"]
[EventRounds "9"]
[EventCountry "NOR"]
[SourceTitle "CBM 213 Extra"]
[Source "ChessBase"]
[SourceDate "2023.05.31"]
[SourceVersion "1"]
[SourceVersionDate "2023.05.31"]
[SourceQuality "1"]
[WhiteTeam "Bergens"]
[BlackTeam "Stavanger"]
[WhiteTeamCountry "NOR"]
[BlackTeamCountry "NOR"]

1. d4 Nf6 2. c4 g6 3. Nc3 d5 4. Nf3 Bg7 5. Qb3 dxc4 6. Qxc4 0-0 7. e4 Be6 8. Qd3 c5 9. d5 Bd7 10. Be2 b5 11. e5 Bf5 12. exf6 Bxd3 13. fxg7 Kxg7 14. Bxd3 b4 15. Ne2 e5 16. Bc4 Nd7 17. b3 f6 18. Be3 h6 19. 0-0 Rb8 20. Ne1 f5 21. Nd3 Qe7 22. Rad1 Qd6 23. Rfe1 g5 24. f3 Rf6 25. Bc1 Kh7 26. Bb2 e4 27. fxe4 fxe4 28. Nf2 Rxf2 29. Kxf2 Qxh2 30. Ke3 Ne5 31. Bxe5 Qxe5 32. d6 Rf8 33. d7 g4 34. Rf1 Qg5+ 35. Rf4 h5 36. Rd5 Qh6 37. d8Q Rxd8 38. Rxd8 h4 39. Kf2 e3+ 40. Kg1 Qg5 41. Rf7+ Kh6 42. Rh8+ Kg6 43. Nf4+ 1-0

[Event "NOR-chT Elite 2223"]
[Site "Norway"]
[Date "2023.01.15"]
[Round "6.16"]
[White "Myagmarsuren, Evsuld"]
[Black "Kizatbay, Abyl"]
[Result "0-1"]
[WhiteElo "2050"]
[BlackElo "2148"]
[PlyCount "128"]
[EventDate "2022.11.11"]
[EventType "team-tourn"]
[EventRounds "9"]
[EventCountry "NOR"]
[SourceTitle "CBM 213 Extra"]
[Source "ChessBase"]
[SourceDate "2023.05.31"]
[SourceVersion "1"]
[SourceVersionDate "2023.05.31"]
[SourceQuality "1"]
[WhiteTeam "Tromsoe"]
[BlackTeam "Stavanger"]
[WhiteTeamCountry "NOR"]
[BlackTeamCountry "NOR"]

1. e4 c5 2. Nf3 d6 3. d4 cxd4 4. Nxd4 Nf6 5. Nc3 a6 6. Be3 e5 7. Nb3 Be6 8. f3 h5 9. Qd2 Nbd7 10. Nd5 Bxd5 11. exd5 g6 12. 0-0-0 Bg7 13. Kb1 Qc7 14. Be2 Rc8 15. c4 b6 16. Rc1 Nc5 17. Qc2 a5 18. f4 exf4 19. Bxf4 Nxb3 20. Qxb3 0-0 21. Bd3 Nd7 22. Qd1 Qc5 23. Qd2 Rfe8 24. Rhe1 Rxe1 25. Rxe1 Ne5 26. Bxe5 Bxe5 27. h3 Kg7 28. Re4 f5 29. Re2 Qg1+ 30. Qc1 Qd4 31. Qe3 Qxe3 32. Rxe3 Kf6 33. b3 h4 34. Re1 Rh8 35. Kc2 Rh5 36. Be2 Rg5 37. Bf3 Rg3 38. Rf1 g5 39. Be4 Bf4 40. Bf3 Kg6 41. Re1 Be5 42. Rf1 Kh6 43. Kd2 g4 44. hxg4 fxg4 45. Be4 a4 46. Rf5 axb3 47. axb3 Bd4 48. b4 Bc3+ 49. Ke2 Bxb4 50. Rf6+ Kg5 51. Rf5+ Kh6 52. Rf6+ Kg7 53. Rg6+ Kf7 54. Rh6 Bc5 55. Kd1 h3 56. gxh3 gxh3 57. Kc2 Rg4 58. Bf5 Rg2+ 59. Kb3 h2 60. Be4 Re2 61. Bd3 Rf2 62. Ka4 Rb2 63. Bf5 Rb4+ 64. Ka3 h1Q 0-1

[Event "Norway Chess op-A"]
[Site "Stavanger"]
[Date "2022.06.07"]
[Round "6"]
[White "Kizatbay, Abyl"]
[Black "Kistrup, Nicolai"]
[Result "1/2-1/2"]
[WhiteElo "2109"]
[BlackElo "2342"]
[PlyCount "100"]
[EventDate "2022.06.03"]
[EventType "swiss"]
[EventRounds "9"]
[EventCountry "NOR"]
[SourceTitle "CBM 208 Extra"]
[Source "ChessBase"]
[SourceDate "2022.07.31"]
[SourceVersion "1"]
[SourceVersionDate "2022.07.31"]
[SourceQuality "1"]

1. e4 e5 2. Nf3 Nc6 3. Bb5 a6 4. Ba4 Nf6 5. 0-0 Be7 6. d3 b5 7. Bb3 d6 8. a3 Na5 9. Ba2 c5 10. Nc3 Be6 11. Nd5 Nxd5 12. Bxd5 Bxd5 13. exd5 0-0 14. b4 Nb7 15. Bd2 f5 16. Re1 Bf6 17. c3 Rc8 18. Qb1 g5 19. Rc1 g4 20. Ne1 Bg7 21. a4 f4 22. axb5 axb5 23. Ra7 Qb6 24. Qa2 cxb4 25. Ra6 Qd8 26. cxb4 Rxc1 27. Bxc1 f3 28. Be3 fxg2 29. Ra7 Qd7 30. Qa6 Rf7 31. Qc6 h5 32. Nxg2 Bf6 33. Ne1 Qe7 34. Qxb5 e4 35. Ra8+ Kg7 36. Re8 Qc7 37. Qc6 Bc3 38. Bb6 Qxc6 39. dxc6 Bxe1 40. dxe4 Nc5 41. c7 Bxf2+ 42. Kg2 Be3 43. Bxc5 dxc5 44. Re7 Rxe7 45. c8Q Rf7 46. bxc5 Rf2+ 47. Kg3 Rf3+ 48. Kg2 Rf2+ 49. Kg3 Rf3+ 50. Kg2 Rf2+ 1/2-1/2

[Event "Kragero op"]
[Site "Kragero"]
[Date "2020.02.22"]
[Round "8"]
[White "Storme, Isak"]
[Black "Kizatbay, Abyl"]
[Result "1-0"]
[WhiteElo "2314"]
[BlackElo "2142"]
[PlyCount "59"]
[EventDate "2020.02.19"]
[EventType "swiss"]
[EventRounds "9"]
[EventCountry "NOR"]
[SourceTitle "CBM 195 Extra"]
[Source "ChessBase"]
[SourceDate "2020.05.31"]
[SourceVersion "1"]
[SourceVersionDate "2020.05.31"]
[SourceQuality "1"]

1. e4 c5 2. Nf3 d6 3. d4 cxd4 4. Nxd4 Nf6 5. Nc3 a6 6. f4 e5 7. Nf3 Qc7 8. a4 Be7 9. Bd3 b6 10. 0-0 0-0 11. Kh1 Nbd7 12. Qe1 Bb7 13. Nh4 Rfe8 14. Nf5 Bf8 15. Qg3 Kh8 16. fxe5 dxe5 17. Qh4 Nc5 18. Nxg7 Bxg7 19. Rxf6 Qe7 20. Bg5 Ne6 21. Nd5 Nxg5 22. Nxe7 Bxf6 23. Nf5 Nxe4 24. Qh6 Re6 25. Bc4 Rg8 26. Bxe6 fxe6 27. Nd6 Nf2+ 28. Kg1 Rxg2+ 29. Kf1 Ng4 30. Qf8# 1-0

[Event "Kragero op"]
[Site "Kragero"]
[Date "2020.02.21"]
[Round "5"]
[White "Kizatbay, Abyl"]
[Black "Sjoberg, Isak"]
[Result "1-0"]
[WhiteElo "2142"]
[BlackElo "2218"]
[PlyCount "81"]
[EventDate "2020.02.19"]
[EventType "swiss"]
[EventRounds "9"]
[EventCountry "NOR"]
[SourceTitle "CBM 195 Extra"]
[Source "ChessBase"]
[SourceDate "2020.05.31"]
[SourceVersion "1"]
[SourceVersionDate "2020.05.31"]
[SourceQuality "1"]

1. e4 c5 2. Nf3 d6 3. Bb5+ Nd7 4. d4 cxd4 5. Qxd4 a6 6. Bxd7+ Bxd7 7. Nc3 Rc8 8. 0-0 e5 9. Qd3 h6 10. Nd2 Be6 11. Rd1 Nf6 12. Nf1 Be7 13. a4 0-0 14. Ne3 Qd7 15. a5 Rfd8 16. f3 Rc5 17. b4 Rc7 18. Bb2 g6 19. Na4 Nh5 20. g3 Bg5 21. Nb6 Qb5 22. c3 Bb3 23. Rd2 d5 24. exd5 Nf6 25. c4 Bxc4 26. Nbxc4 Rxc4 27. f4 exf4 28. Nxc4 Rxd5 29. Qf1 fxg3 30. Rxd5 gxh2+ 31. Kxh2 Nxd5 32. Rd1 Qd7 33. Be5 Qe6 34. Qd3 Qg4 35. Qxd5 Qh4+ 36. Kg2 Qg4+ 37. Bg3 Qe2+ 38. Kh1 Qh5+ 39. Kg1 Qg4 40. Qxf7+ Kh8 41. Qe8+ 1-0

[Event "Rilton Cup 49th"]
[Site "Stockholm"]
[Date "2020.01.03"]
[Round "7"]
[White "Karthik, Rajaa"]
[Black "Kizatbay, Abyl"]
[Result "1/2-1/2"]
[WhiteElo "2212"]
[BlackElo "2135"]
[PlyCount "97"]
[EventDate "2019.12.27"]
[EventType "swiss"]
[EventRounds "9"]
[EventCountry "SWE"]
[SourceTitle "CBM 194 Extra"]
[Source "ChessBase"]
[SourceDate "2020.03.31"]
[SourceVersion "1"]
[SourceVersionDate "2020.03.31"]
[SourceQuality "1"]

1. Nf3 Nf6 2. c4 c5 3. g3 g6 4. Bg2 d6 5. b3 Bg7 6. Bb2 Nc6 7. 0-0 0-0 8. Nc3 Bf5 9. d3 Qd7 10. Qd2 Bh3 11. Rfd1 Bxg2 12. Kxg2 Rac8 13. Rac1 Nd4 14. Ne4 Nxe4 15. dxe4 Qc6 16. Nxd4 Bxd4 17. f3 Bxb2 18. Qxb2 f6 19. a4 b6 20. Qd2 Kg7 21. h4 h5 22. Qd5 Rf7 23. Ra1 f5 24. e5 dxe5 25. Qxe5+ Qf6 26. Qxf6+ exf6 27. Kf2 Re7 28. Rd3 Rce8 29. e3 a5 30. Re1 Re6 31. Rd7+ Kh6 32. Rd5 Kg7 33. Re2 Kh6 34. f4 Kg7 35. Rd3 Kh6 36. Red2 R8e7 37. Rd7 Rxe3 38. Rxe7 Rxe7 39. Rd6 Rb7 40. Rxf6 Kg7 41. Rc6 Kf7 42. Rd6 Kg7 43. Ke3 Kf7 44. Kd2 Kg7 45. Kc2 Kf7 46. Kd2 Kg7 47. Kc2 Kf7 48. Rc6 Kg7 49. Rd6 1/2-1/2

[Event "Bergen Grand Prix"]
[Site "Bergen"]
[Date "2019.11.17"]
[Round "4"]
[White "Mansoor, Afras"]
[Black "Kizatbay, Abyl"]
[Result "1/2-1/2"]
[WhiteElo "2115"]
[BlackElo "2113"]
[PlyCount "44"]
[EventDate "2019.11.15"]
[EventType "swiss"]
[EventRounds "5"]
[EventCountry "NOR"]
[SourceTitle "CBM 193 Extra"]
[Source "ChessBase"]
[SourceDate "2020.01.31"]
[SourceVersion "1"]
[SourceVersionDate "2020.01.31"]
[SourceQuality "1"]

1. c4 Nf6 2. g3 c5 3. Bg2 g6 4. Nc3 Nc6 5. a3 Bg7 6. Rb1 a5 7. Nf3 d6 8. d3 0-0 9. 0-0 Bd7 10. Bd2 Ne8 11. Ne1 Nc7 12. Nc2 Rb8 13. b4 axb4 14. axb4 cxb4 15. Nxb4 Nxb4 16. Rxb4 b5 17. cxb5 Nxb5 18. Nxb5 Rxb5 19. Qb3 Be6 20. Qb1 Rxb4 21. Qxb4 Qb8 22. Rb1 Qxb4 1/2-1/2

[Event "Wch U18"]
[Site "Mumbai"]
[Date "2019.10.05"]
[Round "5"]
[White "Kizatbay, Abyl"]
[Black "Manu David, Suthandram R"]
[Result "0-1"]
[WhiteElo "2160"]
[BlackElo "2403"]
[PlyCount "102"]
[EventDate "2019.10.02"]
[EventType "swiss"]
[EventRounds "11"]
[EventCountry "IND"]
[SourceTitle "EXT 2020"]
[Source "ChessBase"]
[SourceDate "2019.10.17"]
[SourceVersion "1"]
[SourceVersionDate "2019.10.17"]
[SourceQuality "1"]

1. e4 c5 2. Nf3 Nc6 3. Bb5 e6 4. 0-0 Nge7 5. Re1 a6 6. Bf1 g6 7. c3 Bg7 8. d4 cxd4 9. cxd4 d6 10. Nc3 0-0 11. Bg5 h6 12. Be3 d5 13. e5 Nf5 14. h3 Bd7 15. Bc1 Rc8 16. g4 Nh4 17. Nxh4 Qxh4 18. Bf4 Qe7 19. Qd2 f6 20. Bg3 fxe5 21. dxe5 Qc5 22. Rad1 Rf3 23. Kh1 Rcf8 24. Bg2 Rxf2 25. Bxf2 Rxf2 26. Ne4 Rxd2 27. Nxc5 Rxd1 28. Rxd1 Bc8 29. Nd3 Nxe5 30. Nxe5 Bxe5 31. Re1 Bg3 32. Re3 Bf4 33. Rb3 Kf7 34. Rb6 Ke7 35. Bf3 Kd7 36. Kg2 Kc7 37. Rb3 Bd7 38. h4 Bc6 39. Rd3 Kd6 40. Be4 g5 41. hxg5 hxg5 42. Bg6 e5 43. Rh3 d4+ 44. Kf1 e4 45. Rh8 Bb5+ 46. Ke1 Bg3+ 47. Kd1 e3 48. Rh1 d3 49. b3 e2+ 50. Kd2 Bf4+ 51. Kc3 d2 0-1

[Event "NOR-ch U18"]
[Site "Larvik"]
[Date "2019.07.08"]
[Round "4"]
[White "Kizatbay, Abyl"]
[Black "Sjoberg, Isak"]
[Result "1/2-1/2"]
[WhiteElo "2216"]
[BlackElo "2182"]
[PlyCount "79"]
[EventDate "2019.07.05"]
[EventType "tourn"]
[EventRounds "9"]
[EventCountry "NOR"]
[SourceTitle "EXT 2024"]
[Source "ChessBase"]
[SourceDate "2023.10.10"]
[SourceVersion "1"]
[SourceVersionDate "2023.10.10"]
[SourceQuality "1"]

1. e4 e5 2. Nf3 Nc6 3. d4 exd4 4. Nxd4 Bc5 5. Nb3 Bb6 6. Nc3 Nf6 7. Qe2 d6 8. Be3 Qe7 9. 0-0-0 Be6 10. g3 0-0-0 11. Bg2 Rhe8 12. Rhe1 h6 13. Kb1 Kb8 14. Bxb6 axb6 15. Qb5 Bd7 16. Qf1 Qf8 17. f4 Qh8 18. h3 g5 19. Nb5 Nh5 20. Qf3 g4 21. hxg4 Nf6 22. g5 Bg4 23. Qc3 hxg5 24. N3d4 Bd7 25. e5 dxe5 26. fxe5 Ng4 27. Nxc6+ Bxc6 28. Rxd8+ Rxd8 29. Bxc6 bxc6 30. Nd4 Nxe5 31. a4 c5 32. Nb5 Nc6 33. Qf3 Nd4 34. Qxf7 Nxb5 35. axb5 Qh2 36. Re8 Qh1+ 37. Ka2 Qa8+ 38. Kb1 Qh1+ 39. Ka2 Qa8+ 40. Kb1 1/2-1/2

[Event "NOR-ch U18"]
[Site "Larvik"]
[Date "2019.07.07"]
[Round "3"]
[White "Nielsen, Andre"]
[Black "Kizatbay, Abyl"]
[Result "0-1"]
[WhiteElo "2229"]
[BlackElo "2216"]
[PlyCount "68"]
[EventDate "2019.07.05"]
[EventType "tourn"]
[EventRounds "9"]
[EventCountry "NOR"]
[SourceTitle "EXT 2024"]
[Source "ChessBase"]
[SourceDate "2023.10.10"]
[SourceVersion "1"]
[SourceVersionDate "2023.10.10"]
[SourceQuality "1"]

1. e4 c5 2. Nf3 d6 3. d4 cxd4 4. Nxd4 Nf6 5. Nc3 Nc6 6. Bg5 e6 7. Qd2 a6 8. 0-0-0 Bd7 9. f4 h6 10. Bh4 g5 11. fxg5 Ng4 12. Kb1 Nge5 13. Nxc6 Bxc6 14. Be2 Be7 15. Bg3 hxg5 16. Rhf1 b5 17. Bxe5 dxe5 18. Qe3 Qc7 19. Bg4 Rh7 20. Rd2 Qa7 21. Qf3 Rd8 22. Rxd8+ Kxd8 23. Bh5 b4 24. Ne2 f5 25. Ng3 f4 26. Ne2 Qb7 27. Rd1+ Kc7 28. Bg4 Bxe4 29. Qb3 Bd5 30. Qd3 Rxh2 31. Bf3 e4 32. Bxe4 Bxe4 33. Qd7+ Kb6 34. Qxe6+ Qc6 0-1

[Event "Fagernes GM op"]
[Site "Fagernes"]
[Date "2019.04.18"]
[Round "6"]
[White "Kizatbay, Abyl"]
[Black "Ingebretsen, Jens E"]
[Result "1-0"]
[WhiteElo "2108"]
[BlackElo "2300"]
[PlyCount "79"]
[EventDate "2019.04.14"]
[EventType "swiss"]
[EventRounds "9"]
[EventCountry "NOR"]
[SourceTitle "CBM 189 Extra"]
[Source "ChessBase"]
[SourceDate "2019.06.03"]
[SourceVersion "1"]
[SourceVersionDate "2019.06.03"]
[SourceQuality "1"]

1. e4 e5 2. Nf3 Nc6 3. d4 exd4 4. Bc4 Nf6 5. e5 d5 6. Bb5 Ne4 7. Nxd4 Bd7 8. Bxc6 bxc6 9. 0-0 Be7 10. f3 Nc5 11. Be3 0-0 12. Nd2 Na4 13. b3 Nc3 14. Qe1 c5 15. Ne2 Bb5 16. Nxc3 Bxf1 17. Nxf1 d4 18. Rd1 Bh4 19. Bf2 Bxf2+ 20. Qxf2 Qe8 21. Na4 Qxe5 22. Nd2 Rad8 23. Nc4 Qf5 24. Nab2 Rfe8 25. Nd3 h5 26. Re1 f6 27. h4 Kf8 28. a4 Kg8 29. Qg3 Kh7 30. Kf1 Rxe1+ 31. Qxe1 Qg6 32. Qe7 Rd5 33. Nf4 Qxc2 34. Nxd5 Qxb3 35. Qxc5 d3 36. Nde3 Qc3 37. Qxh5+ Kg8 38. Qd5+ Kh8 39. Qa5 Qd4 40. Qh5+ 1-0